Firmy a kapitálový trh
Pravidelná príloha časopisu. - Kapitálový trh v SR (november 1994). 2. vlna kupónovej privatizácie na Slovensku. Kapitálové trhy v strednej a východnej Európe. RM-Systém Bohemia (18.11.1994). Komodity.
Na minha lista:
| Formato: | Capítulo de Livro |
|---|---|
| Idioma: | eslovaco |
| Assuntos: | |
| Tags: |
Sem tags, seja o primeiro a adicionar uma tag!
|
MARC
| LEADER | 00000naa a2200000 4500 | ||
|---|---|---|---|
| 001 | r024997 | ||
| 005 | 20221205091124.9 | ||
| 041 | 0 | |a slo | |
| 044 | |a SK | ||
| 245 | 1 | 0 | |a Firmy a kapitálový trh |
| 520 | |a Pravidelná príloha časopisu. - Kapitálový trh v SR (november 1994). 2. vlna kupónovej privatizácie na Slovensku. Kapitálové trhy v strednej a východnej Európe. RM-Systém Bohemia (18.11.1994). Komodity. | ||
| 610 | 2 | 0 | |a trh kapitálový |
| 610 | 2 | 0 | |a Slovensko |
| 610 | 2 | 0 | |a Česko |
| 610 | 2 | 0 | |a východná Európa |
| 610 | 2 | 0 | |a stredná Európa |
| 610 | 2 | 0 | |a privatizácia |
| 610 | 2 | 0 | |a RM-Systém Bohemia |
| 610 | 2 | 0 | |a ING Securities, s.r.o. Bratislava |
| 610 | 2 | 0 | |a ISIN |
| 610 | 2 | 0 | |a 1994 |
| 610 | 2 | 0 | |a komodity |